Obras completas / (Record no. 35150)
[ view plain ]
| 000 -LEADER | |
|---|---|
| campo de control de longitud fija | 00683nam a2200205 i 4500 |
| 001 - NÚMERO DE CONTROL | |
| campo de control | 35150 |
| 003 - IDENTIFICADOR DE NÚMERO DE CONTROL | |
| campo de control | ES-MaACL |
| 005 - FECHA Y HORA DE LA ÚLTIMA TRANSACCIÓN | |
| campo de control | 20250930063042.0 |
| 007 - CAMPO FIJO DE DESCRIPCIÓN FÍSICA--INFORMACIÓN GENERAL | |
| campo de control de longitud fija | t| |
| 008 - DATOS DE LONGITUD FIJA--INFORMACIÓN GENERAL | |
| campo de control de longitud fija | 030212s1950 cu ||||1| spa d |
| 100 1# - ENTRADA PRINCIPAL--NOMBRE DE PERSONA | |
| Nombre de persona | Bolívar, Simón, |
| Fechas asociadas al nombre | 1783-1830 |
| 9 (RLIN) | 29964 |
| 245 10 - MENCIÓN DEL TÍTULO | |
| Título | Obras completas / |
| Mención de responsabilidad, etc. | Simón Bolívar ; compilación y notas de Vicente Lecuna ; con la colaboración de... Esther Barret de Nagarie. |
| 250 ## - MENCION DE EDICION | |
| Mención de edición | 2ª ed. |
| 260 ## - PUBLICACIÓN, DISTRIBUCIÓN, ETC. | |
| Lugar de publicación, distribución, etc. | La Habana : |
| Nombre del editor, distribuidor, etc. | Lex, |
| Fecha de publicación, distribución, etc. | 1950. |
| 300 ## - DESCRIPCIÓN FÍSICA | |
| Extensión | 3 v. : |
| Otras características físicas | 1 retr. aut. ; |
| Dimensiones | 21 cm. |
| 700 1# - ENTRADA AGREGADA--NOMBRE PERSONAL | |
| Nombre de persona | Lecuna, Vicente. |
| 9 (RLIN) | 71122 |
| 700 1# - ENTRADA AGREGADA--NOMBRE PERSONAL | |
| Nombre de persona | Barret de Nagarie, Esther. |
| 9 (RLIN) | 25950 |
| 852 ## - LOCALIZACIÓN | |
| Ubicación | ES-MaACL |
| Número de control de estantería | D-6948-50 |
| Sublocalización o colección | R.31305 |
| Estatus retirado | Estado de pérdida | Estado de daño | No para préstamo | Biblioteca de origen | Biblioteca actual | Ubicación en estantería | Fecha de adquisición | Fuente de adquisición | Total de préstamos | Signatura topográfica completa | Código de barras | Visto por última vez | Precio de reemplazo | Tipo de ítem Koha |
|---|---|---|---|---|---|---|---|---|---|---|---|---|---|---|
| Biblioteca del Ateneo de Madrid | Biblioteca del Ateneo de Madrid | Sala Valle Inclán | 17/01/2008 | D-6948-50 | 901036761 | 23/02/2023 | 23/02/2023 | Libro impreso |
